000 00412nam a22001697a 4500
003 MPLRDC
005 20220104142828.0
008 210129b ||||| |||| 00| 0 eng d
082 _a125 CTF
100 _a陈铁凡主编及校订
245 _a宋元明清四朝学案索引
_c
250 _a初版
260 _a
_b艺文印书馆
_c1974
300 _b
650 _a宋元哲学
942 _cBK
_o125 CTF
999 _c34045
_d34035